| 000 | 01093nam0a2200337 4500 | ||
|---|---|---|---|
| 001 | RU\NLR\bibl\1791580 | ||
| 005 | 20250616143034.0 | ||
| 010 |
_a978-5-17-073658-4 _bАСТ |
||
| 010 |
_a978-5-271-35176-1 _bАстрель |
||
| 010 |
_a978-5-226-03788-7 _bВКТ _912500 |
||
| 021 |
_aRU _b2011-48172 _93422 |
||
| 035 | _a(nilc)RSL-KNO-004964155 | ||
| 035 | _a(NLR Aleph) 001782286 | ||
| 090 |
_a1705253 _c1705253 |
||
| 100 | _a20110627d2011 |||y0rusy50 ca | ||
| 101 | 1 |
_arus _ceng |
|
| 102 | _aRU | ||
| 105 | _ay zzzz||||| | ||
| 200 | 1 |
_aПоцелуй воина _e[роман] _fКэрри Лофти _g[пер. с англ. И.В. Ермаковой] |
|
| 210 |
_aМосква _cАСТ _cАстрель _aВладимир _cВКТ _d2011 |
||
| 215 |
_a317, [1] с. _cил. _d17 |
||
| 225 | 1 | _aМини-Шарм | |
| 686 |
_aШ5(7США)62-644 _2rubbk |
||
| 700 | 1 |
_aЛофти _bК. _gКэрри _4070 |
|
| 801 | 0 |
_aRU _bRuMoRKP _c20110627 _grcr |
|
| 801 | 1 |
_aRU _bRuMoRGB _c20110627 |
|
| 801 | 2 |
_aRU _bNLR _c20110722 _grcr |
|
| 942 | _cBOOK | ||
| 980 | _aNB | ||
| 980 | _aNBR | ||